[Event "Scarborough CC-ch"]
[Site "Toronto CAN"]
[Date "2011.05.12"]
[Round "5"]
[White "Moffat, Andrei"]
[Black "Pedersen, Rune"]
[Result "0-1"]
[WhiteElo "2248"]
[BlackElo "2303"]
[PlyCount "126"]
[GameId "2160767909795844"]
[EventDate "2011.02.24"]
[EventType "tourn"]
[EventRounds "9"]
[EventCountry "CAN"]
[SourceTitle "EXT 2022"]
[Source "ChessBase"]
[SourceDate "2021.10.06"]
[SourceVersion "1"]
[SourceVersionDate "2021.10.06"]
[SourceQuality "1"]

1. e4 c5 2. Nf3 d6 3. Nc3 Nf6 4. g3 e5 5. Bg2 Nc6 6. d3 Be7 7. h3 O-O 8. O-O h6 9. Be3 Be6 10. Qd2 d5 11. exd5 Nxd5 12. Nxd5 Bxd5 13. Rae1 Nd4 14. Bxd4 exd4 15. b3 Bf6 16. Qf4 Qa5 17. a4 Rae8 18. Rxe8 Rxe8 19. h4 Qc3 20. g4 Bd8 21. g5 hxg5 22. Nxg5 Bxg5 23. hxg5 Bxg2 24. Kxg2 Qxc2 25. Qf5 Qe2 26. Rh1 Qe5 27. Qh7+ Kf8 28. Qh8+ Ke7 29. Qh4 Kd7 30. Qg4+ Qe6 31. Qxe6+ Rxe6 32. Rh7 Rg6 33. f4 f6 34. Kf3 f5 35. Rh8 Ke7 36. Rc8 Rc6 37. Rg8 Kf7 38. Rd8 Ke6 39. Ke2 Rd6 40. Rc8 b6 41. Kd2 Rd7 42. Rf8 Rd5 43. Ra8 a5 44. Rb8 Rd6 45. Rb7 g6 46. Rg7 Kd5 47. Ke2 Re6+ 48. Kd2 Kc6 49. Rf7 Rd6 50. Kc2 b5 51. axb5+ Kxb5 52. Rf6 Kc6 53. Rf7 Re6 54. Kd2 Kd5 55. Rd7+ Kc6 56. Rg7 Kb5 57. Rf7 Kb4 58. Rf6 Re3 59. Rxg6 Kxb3 60. Rb6+ Ka4 61. Rf6 Rg3 62. Rxf5 Rg2+ 63. Kc1 Kb4 0-1

[Event "Scarborough CC-ch"]
[Site "Toronto CAN"]
[Date "2011.04.07"]
[Round "7"]
[White "Picana, Andrew"]
[Black "Pedersen, Rune"]
[Result "0-1"]
[WhiteElo "2182"]
[BlackElo "2303"]
[PlyCount "100"]
[GameId "2160767909795847"]
[EventDate "2011.02.24"]
[EventType "tourn"]
[EventRounds "9"]
[EventCountry "CAN"]
[SourceTitle "EXT 2022"]
[Source "ChessBase"]
[SourceDate "2021.10.06"]
[SourceVersion "1"]
[SourceVersionDate "2021.10.06"]
[SourceQuality "1"]

1. c4 c5 2. Nc3 Nc6 3. Nf3 g6 4. e3 Bg7 5. d4 cxd4 6. exd4 d6 7. Be3 h5 8. Qd2 Bg4 9. Be2 Rc8 10. h3 Bxf3 11. Bxf3 Nh6 12. O-O Nf5 13. Bxc6+ bxc6 14. Rad1 O-O 15. Ne2 d5 16. b3 Nxe3 17. Qxe3 Qa5 18. Nc1 dxc4 19. bxc4 e6 20. Qe2 Rfd8 21. Nb3 Qb6 22. c5 Qb5 23. Qe4 a5 24. g4 hxg4 25. hxg4 a4 26. Nc1 Qc4 27. Ne2 a3 28. Rd2 e5 29. Rc2 Qa4 30. Rfc1 Bh6 31. Rc4 Qb5 32. R1c3 Rb8 33. dxe5 Qb1+ 34. Qxb1 Rxb1+ 35. Kg2 Rb2 36. Nd4 Rxa2 37. Nxc6 Rdd2 38. Rf3 Rab2 39. Ne7+ Kf8 40. c6 Rbc2 41. Rxc2 Rxc2 42. Nxg6+ Ke8 43. Rxa3 fxg6 44. Kg3 g5 45. Ra8+ Kf7 46. Ra7+ Kg6 47. c7 Bg7 48. Ra5 Rxc7 49. Kf3 Rf7+ 50. Ke3 Rf4 0-1

[Event "Scarborough CC-ch"]
[Site "Toronto CAN"]
[Date "2011.04.08"]
[Round "7"]
[White "Hall, John2"]
[Black "Guo, Josh"]
[Result "0-1"]
[WhiteElo "2200"]
[BlackElo "2240"]
[PlyCount "100"]
[GameId "2160767909795849"]
[EventDate "2011.02.24"]
[EventType "tourn"]
[EventRounds "9"]
[EventCountry "CAN"]
[SourceTitle "EXT 2022"]
[Source "ChessBase"]
[SourceDate "2021.10.06"]
[SourceVersion "1"]
[SourceVersionDate "2021.10.06"]
[SourceQuality "1"]

1. e4 c5 2. Nf3 d6 3. Bb5+ Bd7 4. Bxd7+ Qxd7 5. O-O e6 6. c4 Nc6 7. d4 cxd4 8. Nxd4 Nf6 9. Nc3 Be7 10. b3 O-O 11. Bb2 Rfd8 12. f4 d5 13. e5 Bc5 14. Na4 Bxd4+ 15. Bxd4 dxc4 16. Bf2 Ne4 17. Qxd7 Rxd7 18. bxc4 Nxf2 19. Rxf2 Rd4 20. Nc5 b6 21. Nb7 f6 22. Re1 Rb8 23. Nd6 a6 24. g3 fxe5 25. fxe5 Nxe5 26. Rxe5 Rxd6 27. Rfe2 Kf7 28. c5 bxc5 29. Rxc5 Rb1+ 30. Kg2 Rbd1 31. Rc7+ Kg6 32. Re7 Kf6 33. Ra7 R6d2 34. Kf2 Rxe2+ 35. Kxe2 Rh1 36. Rxa6 Rxh2+ 37. Kf3 h5 38. a4 Ra2 39. Ra5 Ra3+ 40. Kf2 g5 41. Ra8 Kf5 42. Ra5+ e5 43. Ra8 Kg4 44. a5 Ra2+ 45. Ke3 Kxg3 46. Ke4 h4 47. Kxe5 g4 48. a6 h3 49. Kf5 h2 50. Rh8 Rxa6 0-1

[Event "Scarborough CC-ch"]
[Site "Toronto CAN"]
[Date "2011.04.14"]
[Round "8"]
[White "Guo, Joshua"]
[Black "Moffat, Andrei"]
[Result "1-0"]
[WhiteElo "2240"]
[BlackElo "2248"]
[PlyCount "81"]
[GameId "2160767909795850"]
[EventDate "2011.02.24"]
[EventType "tourn"]
[EventRounds "9"]
[EventCountry "CAN"]

1. e4 e5 2. Nf3 d6 3. d4 exd4 4. Nxd4 Nf6 5. Nc3 Be7 6. g3 O-O 7. Bg2 Re8 8. O-O c6 9. Bf4 Nbd7 10. Nf5 Ne5 11. Nxe7+ Qxe7 12. Qd4 Bh3 13. f3 Bxg2 14. Kxg2 h6 15. Rad1 g5 16. Bxe5 dxe5 17. Qd6 Kf8 18. Rd3 Rad8 19. Qxe7+ Kxe7 20. Rfd1 Rxd3 21. Rxd3 g4 22. Nd1 gxf3+ 23. Kxf3 Rd8 24. Rxd8 Kxd8 25. Ne3 Kd7 26. Nc4 Ke6 27. Na5 Nh7 28. Nxb7 f5 29. exf5+ Kd5 30. Nd8 Nf6 31. h3 c5 32. g4 c4 33. Ke3 e4 34. Nf7 a5 35. Nxh6 Ke5 36. Nf7+ Kd5 37. g5 Nd7 38. h4 a4 39. h5 a3 40. bxa3 c3 41. h6 1-0

[Event "Scarborough CC-ch"]
[Site "Toronto CAN"]
[Date "2011.04.21"]
[Round "9"]
[White "Southam, David"]
[Black "Moffat, Andrei"]
[Result "0-1"]
[WhiteElo "2102"]
[BlackElo "2248"]
[PlyCount "68"]
[GameId "2160767909795851"]
[EventDate "2011.02.24"]
[EventType "tourn"]
[EventRounds "9"]
[EventCountry "CAN"]
[SourceTitle "EXT 2022"]
[Source "ChessBase"]
[SourceDate "2021.10.06"]
[SourceVersion "1"]
[SourceVersionDate "2021.10.06"]
[SourceQuality "1"]

1. Nf3 Nf6 2. d4 d5 3. c4 e6 4. g3 c5 5. cxd5 exd5 6. Bg2 Nc6 7. O-O Be7 8. Nc3 O-O 9. Bg5 c4 10. Ne5 Be6 11. f4 Nxe5 12. dxe5 Ng4 13. Bxe7 Qxe7 14. Qd4 Nh6 15. Nxd5 Bxd5 16. Bxd5 Nf5 17. Qf2 Qb4 18. e4 Ne7 19. Rac1 Rac8 20. Rfd1 Rfd8 21. Rd4 b5 22. Rcd1 Qa5 23. f5 Re8 24. e6 Nxd5 25. exd5 fxe6 26. dxe6 b4 27. Rd7 Qc5 28. Qxc5 Rxc5 29. R7d5 Rxd5 30. Rxd5 g6 31. g4 gxf5 32. gxf5 Kg7 33. Kf2 c3 34. bxc3 bxc3 0-1

[Event "Scarborough CC-ch Reserves"]
[Site "Toronto CAN"]
[Date "2011.02.24"]
[Round "1"]
[White "Armstrong, Robert J"]
[Black "Lin, Tony (Juntao)"]
[Result "0-1"]
[WhiteElo "1715"]
[BlackElo "1936"]
[PlyCount "56"]
[GameId "2160767909795853"]
[EventDate "2011.02.24"]
[EventType "swiss"]
[EventRounds "9"]
[EventCountry "CAN"]

1. d4 Nf6 2. c4 g6 3. Nc3 d5 4. e3 Bg7 5. Nf3 O-O 6. Bd3 c5 7. O-O Nc6 8. h3 a6 9. b3 e6 10. Bb2 dxc4 11. Bxc4 b5 12. Be2 cxd4 13. exd4 Bb7 14. Qd2 Qb6 15. Rad1 Rfd8 16. Qf4 Nd5 17. Nxd5 Rxd5 18. Ne5 Nxe5 19. dxe5 Rad8 20. Rxd5 Bxd5 21. Rd1 Qa5 22. Qh4 Rc8 23. Bg4 Re8 24. Rxd5 exd5 25. Bd7 Qe1+ 26. Kh2 Bxe5+ 27. Bxe5 Qxe5+ 28. f4 Qe7 0-1

[Event "Scarborough CC-ch Reserves"]
[Site "Toronto CAN"]
[Date "2011.02.24"]
[Round "1"]
[White "Bao, Stephen"]
[Black "Ferreira, Alex"]
[Result "0-1"]
[WhiteElo "1773"]
[BlackElo "2081"]
[PlyCount "78"]
[GameId "2160767909795854"]
[EventDate "2011.02.24"]
[EventType "swiss"]
[EventRounds "9"]
[EventCountry "CAN"]
[SourceTitle "EXT 2022"]
[Source "ChessBase"]
[SourceDate "2021.10.06"]
[SourceVersion "1"]
[SourceVersionDate "2021.10.06"]
[SourceQuality "1"]

1. d4 d5 2. c4 e5 3. dxe5 d4 4. g3 Nc6 5. Nf3 Be6 6. Qa4 Qd7 7. b3 Nge7 8. Bg2 Ng6 9. O-O O-O-O 10. Bg5 Re8 11. Rd1 Bc5 12. Qb5 Bb6 13. Nc3 h6 14. Bf4 a6 15. Qa4 Qe7 16. Nd5 Bxd5 17. cxd5 Ncxe5 18. Bxe5 Nxe5 19. Nxd4 Nd7 20. d6 Qf6 21. Bxb7+ Kxb7 22. Qxd7 Qxd6 23. Qxd6 cxd6 24. Nf5 Rxe2 25. Nxd6+ Kb8 26. Rf1 Rd8 27. Nc4 Bd4 28. Rae1 Bxf2+ 29. Rxf2 Rxe1+ 30. Kg2 f6 31. Na5 Rd5 32. Nc6+ Kb7 33. Nb4 Rdd1 34. Nc2 Rg1+ 35. Kh3 Rgf1 36. Re2 Rd7 37. Ne3 Re7 38. Kg2 Rc1 39. Kf2 Rc3 0-1

[Event "Scarborough CC-ch Reserves"]
[Site "Toronto CAN"]
[Date "2011.02.24"]
[Round "1"]
[White "Gillis, Doug"]
[Black "Triefeldt, Jack"]
[Result "1-0"]
[WhiteElo "1635"]
[BlackElo "1812"]
[PlyCount "99"]
[GameId "2160767909795856"]
[EventDate "2011.02.24"]
[EventType "swiss"]
[EventRounds "9"]
[EventCountry "CAN"]
[SourceTitle "EXT 2022"]
[Source "ChessBase"]
[SourceDate "2021.10.06"]
[SourceVersion "1"]
[SourceVersionDate "2021.10.06"]
[SourceQuality "1"]

1. d4 d5 2. Nc3 Nf6 3. Bg5 Bf5 4. Bxf6 exf6 5. e3 Bb4 6. Bd3 Qd7 7. Nge2 O-O 8. O-O c6 9. a3 Bd6 10. b4 Bxd3 11. Qxd3 Qg4 12. Ng3 g6 13. b5 Nd7 14. bxc6 bxc6 15. h3 Qg5 16. Nce2 f5 17. c4 Nf6 18. c5 Bc7 19. Rab1 a5 20. Rb7 Rfc8 21. Rfb1 h5 22. f4 Qh6 23. Qc2 Qf8 24. Nc3 Qe7 25. Nf1 Ne4 26. Na4 Qf8 27. Nb6 Bxb6 28. R1xb6 Qd8 29. Qd3 Qh4 30. Rb2 Qe1 31. Re2 Qa1 32. Reb2 Ng3 33. Rb1 Ne2+ 34. Qxe2 Qxa3 35. Qb2 Qd3 36. Qf2 a4 37. Qh4 a3 38. Qf6 Rf8 39. R7b3 Qa6 40. Ra1 Rfb8 41. Raxa3 Qxa3 42. Rxa3 Rxa3 43. Qxc6 Rb1 44. Qxd5 Rxe3 45. c6 Ree1 46. c7 Rxf1+ 47. Kh2 h4 48. c8=Q+ Kg7 49. Qe5+ f6 50. Qe7+ 1-0

[Event "Scarborough CC-ch Reserves"]
[Site "Toronto CAN"]
[Date "2011.02.24"]
[Round "1"]
[White "Maister, Martin"]
[Black "Krupka, David"]
[Result "0-1"]
[WhiteElo "1772"]
[BlackElo "2035"]
[PlyCount "110"]
[GameId "2160767909795857"]
[EventDate "2011.02.24"]
[EventType "swiss"]
[EventRounds "9"]
[EventCountry "CAN"]
[SourceTitle "EXT 2022"]
[Source "ChessBase"]
[SourceDate "2021.10.06"]
[SourceVersion "1"]
[SourceVersionDate "2021.10.06"]
[SourceQuality "1"]

1. c4 Nf6 2. Nc3 g6 3. d4 Bg7 4. e4 d6 5. Nf3 O-O 6. Be2 e5 7. dxe5 dxe5 8. O-O c6 9. Qxd8 Rxd8 10. h3 Nbd7 11. Be3 b6 12. b4 Nh5 13. Rfd1 Bb7 14. Rd2 Nf8 15. Rad1 Rxd2 16. Rxd2 Nf4 17. Bf1 N4e6 18. a4 f5 19. Rd1 c5 20. bxc5 f4 21. Bc1 Nxc5 22. Nd5 Nxa4 23. Bd3 Nc5 24. Bb1 Nfd7 25. Bb2 h6 26. Nc7 Rf8 27. Ne6 Nxe6 28. Rxd7 Nc5 29. Rc7 Rd8 30. Bc2 Rd7 31. Rxd7 Nxd7 32. Ba4 Nc5 33. Be8 Nd3 34. Bc3 Bxe4 35. Nh4 Kh7 36. f3 Bf5 37. Bb5 Nc5 38. Bb4 Bd3 39. Bc3 g5 40. g3 gxh4 41. gxh4 e4 42. Bxg7 Kxg7 43. fxe4 Bxe4 44. Kf2 Kf6 45. Ke2 Ke5 46. h5 Kd4 47. h4 a5 48. Kd2 f3 49. Ke1 Ke3 50. Kf1 Bd3+ 51. Kg1 f2+ 52. Kh2 f1=Q 53. Bc6 Qf2+ 54. Kh1 Ne4 55. Bxe4 Bxe4# 0-1

[Event "Scarborough CC-ch Reserves"]
[Site "Toronto CAN"]
[Date "2011.02.24"]
[Round "1"]
[White "Muir, Tom"]
[Black "Cale, Ferdinand"]
[Result "0-1"]
[WhiteElo "1576"]
[BlackElo "1679"]
[PlyCount "56"]
[GameId "2160767909795858"]
[EventDate "2011.02.24"]
[EventType "swiss"]
[EventRounds "9"]
[EventCountry "CAN"]
[SourceTitle "EXT 2022"]
[Source "ChessBase"]
[SourceDate "2021.10.06"]
[SourceVersion "1"]
[SourceVersionDate "2021.10.06"]
[SourceQuality "1"]

1. e4 d6 2. d4 e6 3. Nf3 g6 4. Nc3 Bg7 5. Bc4 Ne7 6. Be3 O-O 7. Qd2 Kh8 8. Bh6 Ng8 9. Bxg7+ Kxg7 10. h4 h6 11. O-O-O c6 12. Qf4 Qe7 13. e5 d5 14. Bd3 a5 15. g4 b5 16. g5 h5 17. Nh2 Nd7 18. Qe3 Nb6 19. Ng4 hxg4 20. h5 Rd8 21. hxg6 fxg6 22. Qf4 b4 23. Ne2 Rf8 24. Qxg4 Rf5 25. Rh8 Qxg5+ 26. Qxg5 Rxg5 27. Rh7+ Kf8 28. Bxg6 Rxg6 0-1

[Event "Scarborough CC-ch Reserves"]
[Site "Toronto CAN"]
[Date "2011.02.24"]
[Round "1"]
[White "Paterson, Jim"]
[Black "Philip, Andrew"]
[Result "1-0"]
[WhiteElo "1825"]
[BlackElo "1640"]
[PlyCount "85"]
[GameId "2160767909795859"]
[EventDate "2011.02.24"]
[EventType "swiss"]
[EventRounds "9"]
[EventCountry "CAN"]
[SourceTitle "EXT 2022"]
[Source "ChessBase"]
[SourceDate "2021.10.06"]
[SourceVersion "1"]
[SourceVersionDate "2021.10.06"]
[SourceQuality "1"]

1. d4 Nf6 2. Nf3 e6 3. Nbd2 d5 4. g3 Bd6 5. Bg2 Nbd7 6. O-O O-O 7. c4 c6 8. Qc2 Qe7 9. e4 dxe4 10. Nxe4 Nxe4 11. Qxe4 Nf6 12. Qe2 h6 13. a3 a5 14. Bd2 c5 15. dxc5 Bxc5 16. Bc3 Rd8 17. Rfd1 Bd7 18. Ne5 Ba4 19. Rxd8+ Qxd8 20. Bxb7 Rb8 21. Bc6 Bb3 22. Bg2 Ba4 23. Bc6 Bb3 24. Bb5 Rxb5 25. cxb5 a4 26. Nc6 Qd5 27. Bxf6 gxf6 28. Rc1 Kh7 29. Na5 Qf5 30. Nxb3 axb3 31. a4 Bd4 32. a5 Qg5 33. Rd1 e5 34. Qd3+ Kg7 35. Qxb3 Qf5 36. Rd2 Qb1+ 37. Qd1 Qa2 38. a6 Qc4 39. Qe2 Qa4 40. Rc2 Qa5 41. Rc6 Qb4 42. Qg4+ Kh7 43. Qf5+ 1-0

[Event "Scarborough CC-ch Reserves"]
[Site "Toronto CAN"]
[Date "2011.02.24"]
[Round "1"]
[White "Radpey, Abdolreza"]
[Black "Morra, Lui"]
[Result "0-1"]
[WhiteElo "1646"]
[BlackElo "1831"]
[PlyCount "99"]
[GameId "2160767909795860"]
[EventDate "2011.02.24"]
[EventType "swiss"]
[EventRounds "9"]
[EventCountry "CAN"]
[SourceTitle "EXT 2022"]
[Source "ChessBase"]
[SourceDate "2021.10.06"]
[SourceVersion "1"]
[SourceVersionDate "2021.10.06"]
[SourceQuality "1"]

1. Nf3 d5 2. d4 Nf6 3. e3 Bg4 4. Be2 e6 5. h3 Bh5 6. g4 Bg6 7. Ne5 Bd6 8. Nxg6 fxg6 9. Nd2 Nbd7 10. c4 O-O 11. cxd5 exd5 12. b3 Ne4 13. Nxe4 dxe4 14. Bc4+ Kh8 15. Bb2 Bb4+ 16. Ke2 Qf6 17. Rh2 Bd6 18. Qg1 Bxh2 19. Qxh2 Qf3+ 20. Ke1 c5 21. d5 Nb6 22. Be2 Qf7 23. d6 c4 24. Rc1 Rac8 25. bxc4 Nxc4 26. Bxc4 Rxc4 27. Rxc4 Qxc4 28. Qe5 Qf7 29. Kd1 Qf6 30. Qe7 Qf3+ 31. Kc1 Rc8+ 32. Qc7 Rxc7+ 33. dxc7 Qf8 34. Kb1 Qc5 35. Bd4 Qxc7 36. a4 a6 37. Kb2 Qh2 38. Kc3 Qxh3 39. Be5 Qxg4 40. Kd4 Qd1+ 41. Kxe4 Qxa4+ 42. Bd4 b5 43. f4 b4 44. Ke5 b3 45. Kd6 Qb4+ 46. Ke6 b2 47. Kf7 Qb7+ 48. Kf8 Qc8+ 49. Kf7 Qg8+ 50. Ke7 0-1

[Event "Scarborough CC-ch Reserves"]
[Site "Toronto CAN"]
[Date "2011.02.24"]
[Round "1"]
[White "Rutherdale, William"]
[Black "Posaratnanathan, Juliaan"]
[Result "0-1"]
[WhiteElo "1676"]
[BlackElo "1884"]
[PlyCount "103"]
[GameId "2160767909795861"]
[EventDate "2011.02.24"]
[EventType "swiss"]
[EventRounds "9"]
[EventCountry "CAN"]
[SourceTitle "EXT 2022"]
[Source "ChessBase"]
[SourceDate "2021.10.06"]
[SourceVersion "1"]
[SourceVersionDate "2021.10.06"]
[SourceQuality "1"]

1. d4 Nf6 2. c4 e6 3. Nc3 Bb4 4. Qc2 O-O 5. Bg5 b6 6. Nf3 Ba6 7. e3 Bb7 8. Be2 h6 9. Bh4 d6 10. O-O Nbd7 11. Rac1 Bxc3 12. Qxc3 Rc8 13. Rfd1 c6 14. Qb4 Qc7 15. Bg3 Ne4 16. Bf4 e5 17. dxe5 dxe5 18. Qe7 Nec5 19. Bxe5 Nxe5 20. Qxe5 Qxe5 21. Nxe5 Rcd8 22. Bf3 Rc8 23. Nd7 Rfd8 24. Nxc5 bxc5 25. Kf1 Kf8 26. Rxd8+ Rxd8 27. Ke2 Ke7 28. Rc3 a5 29. Ra3 Ra8 30. Be4 Kd6 31. f4 Kc7 32. Rd3 Re8 33. Kf3 g6 34. Rd2 h5 35. g3 Bc8 36. b3 Bg4+ 37. Kf2 Rxe4 38. Rd3 a4 39. bxa4 Rxc4 40. Ra3 Kb6 41. a5+ Ka6 42. h4 Rc2+ 43. Kf1 Be6 44. e4 Rxa2 45. Rc3 Rxa5 46. Kf2 Kb5 47. Ke3 c4 48. Kd4 Kb4 49. Rc1 f6 50. Rb1+ Ka4 51. Rb6 c5+ 52. Ke3 0-1

[Event "Scarborough CC-ch Reserves"]
[Site "Toronto CAN"]
[Date "2011.02.24"]
[Round "1"]
[White "Sherman, Joshua"]
[Black "Zotkin, Daniel"]
[Result "1-0"]
[WhiteElo "1885"]
[BlackElo "1681"]
[PlyCount "67"]
[GameId "2160767909795862"]
[EventDate "2011.02.24"]
[EventType "swiss"]
[EventRounds "9"]
[EventCountry "CAN"]
[SourceTitle "EXT 2022"]
[Source "ChessBase"]
[SourceDate "2021.10.06"]
[SourceVersion "1"]
[SourceVersionDate "2021.10.06"]
[SourceQuality "1"]

1. e4 c5 2. Nf3 Nc6 3. d4 cxd4 4. Nxd4 g6 5. c4 Bg7 6. Be3 Nf6 7. Nc3 O-O 8. Be2 d6 9. O-O Bd7 10. Rc1 Ne5 11. h3 Rc8 12. b3 a6 13. f4 Nc6 14. Qd2 Qa5 15. Bf3 Nxd4 16. Bxd4 Bc6 17. Qe3 Qc7 18. e5 dxe5 19. fxe5 Nd7 20. Nd5 Bxd5 21. cxd5 Qb8 22. Rxc8 Rxc8 23. Bg4 Rd8 24. Rxf7 Kxf7 25. Be6+ Ke8 26. Qf3 Rc8 27. Qf7+ Kd8 28. Qxg7 Rc1+ 29. Kh2 Rd1 30. d6 Rh1+ 31. Kxh1 Qxd6 32. exd6 b5 33. Qh8+ Nf8 34. Qxf8# 1-0

[Event "Scarborough CC-ch Reserves"]
[Site "Toronto CAN"]
[Date "2011.02.24"]
[Round "1"]
[White "Stavropoulos, Greg"]
[Black "Verde, Pino"]
[Result "1-0"]
[WhiteElo "1917"]
[BlackElo "1694"]
[PlyCount "65"]
[GameId "2160767909795863"]
[EventDate "2011.02.24"]
[EventType "swiss"]
[EventRounds "9"]
[EventCountry "CAN"]
[SourceTitle "EXT 2022"]
[Source "ChessBase"]
[SourceDate "2021.10.06"]
[SourceVersion "1"]
[SourceVersionDate "2021.10.06"]
[SourceQuality "1"]

1. c4 Nf6 2. Nf3 d6 3. Nc3 e5 4. d3 c6 5. g3 Bd7 6. Bg2 Qc8 7. h3 Na6 8. Rb1 Nc7 9. Bg5 Be7 10. e3 Ne6 11. Bxf6 Bxf6 12. O-O Ng5 13. Nxg5 Bxg5 14. Kh2 h5 15. f4 exf4 16. exf4 Be7 17. Re1 Qd8 18. b4 Kf8 19. b5 Rb8 20. Qe2 Rh6 21. bxc6 Bf6 22. Nd5 Bg4 23. c7 Qxc7 24. Nxc7 Bxe2 25. Rxe2 b6 26. Rbe1 g6 27. Re8+ Rxe8 28. Rxe8+ Kg7 29. Nd5 Bd4 30. Re7 g5 31. fxg5 Re6 32. Rxe6 fxe6 33. Nf4 1-0

[Event "Scarborough CC-ch Reserves"]
[Site "Toronto CAN"]
[Date "2011.02.24"]
[Round "1"]
[White "Ugodnikov, Arkadiy"]
[Black "Sharpe, Michael"]
[Result "1-0"]
[WhiteElo "1845"]
[BlackElo "1670"]
[PlyCount "49"]
[GameId "2160767909795864"]
[EventDate "2011.02.24"]
[EventType "swiss"]
[EventRounds "9"]
[EventCountry "CAN"]
[SourceTitle "EXT 2022"]
[Source "ChessBase"]
[SourceDate "2021.10.06"]
[SourceVersion "1"]
[SourceVersionDate "2021.10.06"]
[SourceQuality "1"]

1. e4 c5 2. Nf3 d6 3. Bb5+ Bd7 4. Bxd7+ Qxd7 5. c4 Nc6 6. Nc3 e6 7. O-O Nf6 8. d4 cxd4 9. Nxd4 Be7 10. f3 a6 11. a4 O-O 12. Be3 d5 13. cxd5 exd5 14. Nf5 Rfd8 15. Bb6 Re8 16. Nxd5 Nxd5 17. Qxd5 Qc8 18. Rac1 Bd8 19. Bd4 Qe6 20. Bxg7 Bb6+ 21. Kh1 Rad8 22. Qc4 Ne5 23. Qc3 Rc8 24. Qxe5 Qxe5 25. Bxe5 1-0

[Event "Scarborough CC-ch Reserves"]
[Site "Toronto CAN"]
[Date "2011.02.24"]
[Round "1"]
[White "Ward, Dean"]
[Black "Mesiti, Silvano"]
[Result "0-1"]
[WhiteElo "1811"]
[BlackElo "1626"]
[PlyCount "69"]
[GameId "2160767909795865"]
[EventDate "2011.02.24"]
[EventType "swiss"]
[EventRounds "9"]
[EventCountry "CAN"]
[SourceTitle "EXT 2022"]
[Source "ChessBase"]
[SourceDate "2021.10.06"]
[SourceVersion "1"]
[SourceVersionDate "2021.10.06"]
[SourceQuality "1"]

1. d4 g6 2. e4 Bg7 3. Be3 c5 4. c3 cxd4 5. Bxd4 Nf6 6. Bc4 O-O 7. e5 Ne8 8. f4 e6 9. Bc5 d6 10. exd6 Nd7 11. Ba3 Nef6 12. Nf3 b6 13. Ne5 Bb7 14. Qe2 Re8 15. Bb5 Rf8 16. Nd2 a6 17. Bc6 Qc8 18. Bxb7 Qxb7 19. O-O-O b5 20. g4 Rfc8 21. g5 b4 22. Bxb4 Qxb4 23. Ndc4 Qb5 24. gxf6 Nxf6 25. Qd3 Ra7 26. Na3 Qb7 27. Rd2 Qxh1+ 28. Rd1 Qb7 29. Nac4 Qb5 30. d7 Rd8 31. Qd6 Bf8 32. Qc6 Raa8 33. Qc7 Qc5 34. Qxc5 Bxc5 35. b4 0-1

[Event "Scarborough CC-ch Reserves"]
[Site "Toronto CAN"]
[Date "2011.02.24"]
[Round "1"]
[White "Wu, Kevin"]
[Black "Moran-Venegas, Mario"]
[Result "1-0"]
[WhiteElo "2080"]
[BlackElo "1773"]
[PlyCount "51"]
[GameId "2160767909795866"]
[EventDate "2011.02.24"]
[EventType "swiss"]
[EventRounds "9"]
[EventCountry "CAN"]
[SourceTitle "EXT 2022"]
[Source "ChessBase"]
[SourceDate "2021.10.06"]
[SourceVersion "1"]
[SourceVersionDate "2021.10.06"]
[SourceQuality "1"]

1. e4 c5 2. Nf3 d6 3. d4 cxd4 4. Nxd4 Nf6 5. Nc3 a6 6. Bg5 e6 7. f4 Be7 8. Qf3 Qc7 9. O-O-O h6 10. Bh4 Nc6 11. g4 Nxd4 12. Rxd4 b5 13. Bg2 e5 14. Bxf6 exd4 15. Nd5 Qc5 16. Bxe7 Be6 17. Re1 Rc8 18. Qd3 Bxg4 19. e5 Kd7 20. Bxd6 Qa7 21. Bh3 Be6 22. Ne7 Rce8 23. f5 Rxe7 24. fxe6+ fxe6 25. Bxe7 Kxe7 26. Qg6 1-0

[Event "Scarborough CC-ch Reserves"]
[Site "Toronto CAN"]
[Date "2011.02.24"]
[Round "1"]
[White "Xie, Peter"]
[Black "Sharpe, Sam"]
[Result "1/2-1/2"]
[WhiteElo "1909"]
[BlackElo "1681"]
[PlyCount "105"]
[GameId "2160767909795867"]
[EventDate "2011.02.24"]
[EventType "swiss"]
[EventRounds "9"]
[EventCountry "CAN"]
[SourceTitle "EXT 2022"]
[Source "ChessBase"]
[SourceDate "2021.10.06"]
[SourceVersion "1"]
[SourceVersionDate "2021.10.06"]
[SourceQuality "1"]

1. e4 g6 2. Nf3 Bg7 3. g3 d6 4. Bg2 a6 5. O-O Nf6 6. d3 O-O 7. c3 c5 8. Re1 Nc6 9. d4 e5 10. d5 Ne7 11. b4 Nd7 12. Be3 b6 13. Nbd2 f5 14. Ng5 Nf6 15. bxc5 bxc5 16. f4 Ng4 17. Ne6 Bxe6 18. dxe6 Nxe3 19. Rxe3 exf4 20. gxf4 Rb8 21. Nc4 fxe4 22. Nxd6 Nf5 23. Nxf5 gxf5 24. Qxd8 Rfxd8 25. e7 Rd5 26. Bf1 Rd7 27. Bc4+ Kh8 28. Be6 Rxe7 29. Bxf5 Rf8 30. Rxe4 Rxe4 31. Bxe4 Rxf4 32. Bd3 Bxc3 33. Rb1 Bd4+ 34. Kh1 a5 35. Rb8+ Kg7 36. Rb7+ Rf7 37. Rxf7+ Kxf7 38. Bxh7 Ke6 39. Kg2 Kd5 40. Bd3 c4 41. Bc2 Be5 42. Kf3 Bxh2 43. Ke2 Kd4 44. Kd1 Bf4 45. a4 Kc3 46. Bf5 Kb3 47. Bc2+ Kb2 48. Bf5 c3 49. Be4 Bd2 50. Bf5 Kb3 51. Be6+ Kxa4 52. Kc2 Kb4 53. Bf7 1/2-1/2

[Event "Scarborough CC-ch Reserves"]
[Site "Toronto CAN"]
[Date "2011.03.03"]
[Round "2"]
[White "Bellomo, Joe"]
[Black "Zhang, John"]
[Result "0-1"]
[WhiteElo "1767"]
[BlackElo "1612"]
[PlyCount "122"]
[GameId "2160767909795869"]
[EventDate "2011.02.24"]
[EventType "swiss"]
[EventRounds "9"]
[EventCountry "CAN"]
[SourceTitle "EXT 2022"]
[Source "ChessBase"]
[SourceDate "2021.10.06"]
[SourceVersion "1"]
[SourceVersionDate "2021.10.06"]
[SourceQuality "1"]

1. e4 e5 2. Nf3 Nc6 3. Bb5 a6 4. Ba4 Nf6 5. O-O Be7 6. Re1 b5 7. Bb3 O-O 8. c3 d6 9. h3 Na5 10. Bc2 c5 11. d3 Ne8 12. Nbd2 f5 13. Nf1 f4 14. d4 Nc6 15. d5 Na5 16. b3 Rf6 17. Ng5 Rg6 18. Ne6 Bxe6 19. dxe6 Nc7 20. b4 cxb4 21. cxb4 Nc6 22. Bb2 Bh4 23. Qf3 Nxe6 24. Bb3 Kh8 25. Rad1 Ned4 26. Bxd4 Nxd4 27. Rxd4 exd4 28. Bd5 Rc8 29. Re2 Qg5 30. e5 Rc3 31. exd6 Qd8 32. Qe4 Rc8 33. Be6 Rb8 34. d7 Rf6 35. Bg4 Rf7 36. Qd5 Re7 37. Rd2 Bf6 38. Rc2 Re5 39. Qd6 Rb6 40. Qxd4 Rb8 41. Qxf4 g5 42. Qxe5 Bxe5 43. Rc8 Kg7 44. Rxd8 Rxd8 45. Ne3 h5 46. Bf5 Kf6 47. g4 Bd4 48. Nd5+ Ke5 49. Ne7 Kd6 50. Nc6 Kxc6 51. gxh5 Kc7 52. Kg2 Rh8 53. Bg4 Bc3 54. Kf3 Bxb4 55. Ke4 Rf8 56. f3 Rf4+ 57. Ke5 Rc4 58. h6 Rc2 59. h7 Bc3+ 60. Ke6 Kd8 61. Kf7 Rxa2 0-1